[Event "Groningen 2009 - Open A"]
[Site "Groningen NED"]
[Date "2009.12.23"]
[Round "3.11"]
[White "Genova, Lyubka"]
[Black "Hoffmann, Michael"]
[Result "1/2-1/2"]
[WhiteElo "2263"]
[BlackElo "2509"]
[PlyCount "82"]
[EventDate "2009.12.21"]
[EventType "swiss"]
[EventRounds "9"]
[EventCountry "NED"]
[Source "lmi"]
[SourceDate "2009.12.21"]

1. e4 c5 2. Nf3 d6 3. Bb5+ Nd7 4. d4 Ngf6 5. Nc3 cxd4 6. Qxd4 e5 7. Qd3 h6 8.
Be3 Be7 9. Bc4 a6 10. a4 Qc7 11. O-O Nc5 12. Bxc5 Qxc5 13. Nd5 Be6 14. b4 Qc8
15. a5 Nxd5 16. Bxd5 O-O 17. c4 Bxd5 18. Qxd5 Qc6 19. Rfd1 Rac8 20. Rac1 Rc7
21. Qxc6 Rxc6 22. Rc2 Rfc8 23. Rdc1 g6 24. g4 b6 25. axb6 Rxb6 26. Rb1 Rbc6 27.
Rbc1 Kg7 28. Kf1 f5 29. gxf5 gxf5 30. exf5 Kf6 31. Nh4 d5 32. c5 Rb8 33. Rd1
Rxb4 34. Ng6 d4 35. Re1 d3 36. Rd2 Bxc5 37. Nxe5 Rd6 38. Rxd3 Rbd4 39. Rh3 Rd2
40. Ng4+ Kxf5 41. Re5+ Kxg4 1/2-1/2

[Event "Groningen 2009 - Open A"]
[Site "Groningen NED"]
[Date "2009.12.23"]
[Round "3.12"]
[White "Podzielny, Karl-Heinz"]
[Black "Klein, David"]
[Result "1-0"]
[WhiteElo "2456"]
[BlackElo "2262"]
[PlyCount "125"]
[EventDate "2009.12.21"]
[EventType "swiss"]
[EventRounds "9"]
[EventCountry "NED"]
[Source "lmi"]
[SourceDate "2009.12.21"]

1. Nf3 Nf6 2. c4 g6 3. Nc3 Bg7 4. e4 d6 5. d4 O-O 6. Be2 e5 7. O-O Nc6 8. d5
Ne7 9. b4 Nh5 10. g3 f5 11. Ng5 Nf6 12. Bf3 c6 13. b5 cxd5 14. cxd5 fxe4 15.
Ngxe4 Nf5 16. Bg2 Nd4 17. Ba3 Nxe4 18. Nxe4 Nxb5 19. Qb3 a6 20. Bb2 Rf7 21. a4
Nd4 22. Bxd4 exd4 23. Qb4 Bf8 24. Rad1 Bf5 25. Rxd4 Rc8 26. h4 a5 27. Qb5 Bg7
28. Rdd1 Bd7 29. Qb3 Bg4 30. Rd2 Bh6 31. Rb2 Bg7 32. Ng5 Bxb2 33. Nxf7 Kxf7 34.
Qxb2 Qc7 35. Qd4 Qc4 36. Qb6 Qb4 37. Qe3 Qxa4 38. Rb1 Qd7 39. Rb6 Kg8 40. Qf4
Rd8 41. Qf6 Rf8 42. Qb2 Rf7 43. Qa3 Qf5 44. f4 Qf6 45. Rxd6 Qd4+ 46. Kh2 Kg7
47. Rd8 b5 48. Qd6 a4 49. Rb8 a3 50. Qxa3 Qd2 51. Rxb5 Rc7 52. Rb8 Kh6 53. Rb2
Qd4 54. Qf8+ Kh5 55. Qd8 h6 56. Qxc7 Qxb2 57. Qe5+ Qxe5 58. fxe5 g5 59. Bh3 Bf3
60. d6 Bc6 61. e6 Be8 62. d7 g4 63. dxe8=B# 1-0

[Event "Groningen 2009 - Open A"]
[Site "Groningen NED"]
[Date "2009.12.23"]
[Round "3.13"]
[White "Kantans, Toms"]
[Black "Ernst, Sipke"]
[Result "0-1"]
[WhiteElo "2281"]
[BlackElo "2587"]
[PlyCount "72"]
[EventDate "2009.12.21"]
[EventType "swiss"]
[EventRounds "9"]
[EventCountry "NED"]
[Source "lmi"]
[SourceDate "2009.12.21"]

1. d4 d5 2. c4 c6 3. Nc3 Nf6 4. cxd5 cxd5 5. Bf4 Nc6 6. e3 a6 7. Rc1 Bf5 8. Nf3
Qb6 9. Qd2 e6 10. a3 Be7 11. Ne5 O-O 12. f3 Rfc8 13. g4 Bg6 14. h4 Na5 15. h5
Nb3 16. Qh2 Nxc1 17. hxg6 fxg6 18. Bg5 Rxc3 19. bxc3 h6 20. Qc2 Qb3 21. Qxc1
Bxa3 22. Qd2 Qb1+ 23. Kf2 hxg5 24. Kg3 Bd6 25. Kg2 Bxe5 26. dxe5 Nd7 27. Bd3
Qb6 28. Bxg6 Nxe5 29. Bb1 Rf8 30. Bh7+ Kf7 31. e4 Qd8 32. Qe3 g6 33. f4 gxf4
34. Qxf4+ Qf6 35. Qe3 Nxg4 36. Qg3 Kg7 0-1

[Event "Groningen 2009 - Open A"]
[Site "Groningen NED"]
[Date "2009.12.23"]
[Round "3.14"]
[White "Hoeksema, Erik"]
[Black "Nabuurs, Joep"]
[Result "1-0"]
[WhiteElo "2331"]
[BlackElo "2191"]
[PlyCount "71"]
[EventDate "2009.12.21"]
[EventType "swiss"]
[EventRounds "9"]
[EventCountry "NED"]
[Source "lmi"]
[SourceDate "2009.12.21"]

1. c4 b6 2. Nf3 Bb7 3. d4 e6 4. g3 Bxf3 5. exf3 d5 6. cxd5 exd5 7. Nc3 c6 8.
Bd3 Bd6 9. Be3 Ne7 10. Qc2 Nd7 11. h4 h6 12. h5 a6 13. Rd1 Qc7 14. Qe2 Qb7 15.
g4 c5 16. f4 c4 17. Bb1 O-O-O 18. g5 Rde8 19. Qg4 Bb4 20. Kf1 Bxc3 21. bxc3 Qc6
22. Bc2 Rhg8 23. Rg1 Kb7 24. a4 Ref8 25. Bc1 f5 26. Qh3 Qd6 27. Re1 g6 28. Rg3
hxg5 29. fxg5 gxh5 30. Rge3 Nc6 31. Re6 Qc7 32. Bxf5 Rg7 33. g6 Rxf5 34. Qxf5
Qh2 35. Qxd5 Ndb8 36. Qg2 1-0

[Event "Groningen 2009 - Open A"]
[Site "Groningen NED"]
[Date "2009.12.23"]
[Round "3.15"]
[White "Greenfeld, Alon"]
[Black "Paulet, Iozefina"]
[Result "1-0"]
[WhiteElo "2559"]
[BlackElo "2312"]
[PlyCount "61"]
[EventDate "2009.12.21"]
[EventType "swiss"]
[EventRounds "9"]
[EventCountry "NED"]
[Source "lmi"]
[SourceDate "2009.12.21"]

1. Nf3 Nf6 2. c4 e6 3. g3 b6 4. Bg2 Bb7 5. d4 Bb4+ 6. Bd2 a5 7. O-O d5 8. cxd5
exd5 9. Qa4+ Qd7 10. Qc2 O-O 11. Ne5 Qe7 12. Bg5 Bd6 13. Nc3 Bxe5 14. dxe5 Qxe5
15. Bxf6 Qxf6 16. Nxd5 Bxd5 17. Bxd5 c6 18. Bf3 Ra7 19. Rfd1 c5 20. Qa4 Rd8 21.
Rd3 Rad7 22. Rad1 Rxd3 23. Rxd3 h6 24. Bd5 Qe7 25. Qf4 Rf8 26. a3 Nd7 27. Qc7
Qxe2 28. Qxd7 Qxb2 29. Rf3 Qb1+ 30. Kg2 Qg6 31. Bxf7+ 1-0

[Event "Groningen 2009 - Open A"]
[Site "Groningen NED"]
[Date "2009.12.23"]
[Round "3.16"]
[White "Lyell, Mark"]
[Black "Deviatkin, Andrei"]
[Result "1/2-1/2"]
[WhiteElo "2245"]
[BlackElo "2608"]
[PlyCount "105"]
[EventDate "2009.12.21"]
[EventType "swiss"]
[EventRounds "9"]
[EventCountry "NED"]
[Source "lmi"]
[SourceDate "2009.12.21"]

1. e4 c6 2. d4 d5 3. exd5 cxd5 4. c4 Nf6 5. Nc3 g6 6. Qb3 Bg7 7. cxd5 Nbd7 8.
Be2 Nb6 9. Bf3 Bg4 10. Bxg4 Nxg4 11. Nf3 Nf6 12. Qb5+ Qd7 13. d6 exd6 14. O-O
Qxb5 15. Nxb5 Kd7 16. Re1 Nbd5 17. Bd2 h6 18. Rac1 Rhe8 19. Rxe8 Rxe8 20. Kf1
Ne4 21. Be1 a6 22. Nc3 Rc8 23. Ne2 Rc6 24. Rxc6 Kxc6 25. Nd2 Ng5 26. Nc4 b6 27.
Ne3 Ne6 28. Nc3 Nxc3 29. bxc3 d5 30. Bd2 h5 31. Ke2 f5 32. Nc2 Bf8 33. Bc1 Bd6
34. g3 a5 35. Ba3 Bc7 36. Be7 f4 37. Bf6 Kb5 38. Kd3 fxg3 39. fxg3 h4 40. Be5
Bd8 41. Ne3 Kc6 42. Nxd5 Kxd5 43. c4+ Kc6 44. d5+ Kd7 45. dxe6+ Kxe6 46. Ke4
hxg3 47. hxg3 a4 48. Bd4 Kd6 49. g4 Kc6 50. Ke5 b5 51. cxb5+ Kxb5 52. Ke6 Kb4
53. Bf6 1/2-1/2

[Event "Groningen 2009 - Open A"]
[Site "Groningen NED"]
[Date "2009.12.23"]
[Round "3.17"]
[White "Schiffer, Kai Uwe"]
[Black "Theulings, Paul-Peter"]
[Result "0-1"]
[WhiteElo "2318"]
[BlackElo "2135"]
[PlyCount "34"]
[EventDate "2009.12.21"]
[EventType "swiss"]
[EventRounds "9"]
[EventCountry "NED"]
[Source "lmi"]
[SourceDate "2009.12.21"]

1. d4 Nf6 2. Bg5 d6 3. Bxf6 exf6 4. g3 f5 5. Bg2 Nd7 6. e3 g6 7. Ne2 Bg7 8. c4
O-O 9. Nbc3 Nf6 10. O-O Re8 11. Qd3 Qe7 12. b4 c6 13. b5 Ne4 14. bxc6 bxc6 15.
Rab1 Ba6 16. Nxe4 fxe4 17. Qc2 d5 0-1

[Event "Groningen 2009 - Open A"]
[Site "Groningen NED"]
[Date "2009.12.23"]
[Round "3.18"]
[White "Balje, Jan"]
[Black "Popilski, Gil"]
[Result "0-1"]
[WhiteElo "2188"]
[BlackElo "2441"]
[PlyCount "90"]
[EventDate "2009.12.21"]
[EventType "swiss"]
[EventRounds "9"]
[EventCountry "NED"]
[Source "lmi"]
[SourceDate "2009.12.21"]

1. d4 d6 2. c4 e5 3. d5 f5 4. e4 Na6 5. Nc3 Be7 6. exf5 Bxf5 7. Nge2 Bg5 8. Ng3
Bxc1 9. Rxc1 Bg6 10. h4 Ne7 11. h5 Bf5 12. Nxf5 Nxf5 13. Qg4 O-O 14. Bd3 Qc8
15. Bxf5 Rxf5 16. Ne4 Qf8 17. Rc3 Rf4 18. Qe2 Qf5 19. Re3 Nc5 20. f3 Nxe4 21.
Rxe4 Rf8 22. Rh3 Qg5 23. Kf2 Rxe4 24. Qxe4 Qd2+ 25. Qe2 Qd4+ 26. Kg3 Qf4+ 27.
Kf2 Qd4+ 28. Kg3 Rf5 29. Rh4 Rg5+ 30. Kh3 Qg1 31. g4 h6 32. b3 b6 33. Qg2 Qe1
34. Qc2 a5 35. Qg2 Kf8 36. Qc2 e4 37. Qxe4 Qf1+ 38. Kg3 Qg1+ 39. Kh3 Qf1+ 40.
Kg3 Qg1+ 41. Kh3 Re5 42. Qf4+ Kg8 43. Qh2 Qe1 44. Qc2 Re2 45. Qg6 Qg1 0-1

[Event "Groningen 2009 - Open A"]
[Site "Groningen NED"]
[Date "2009.12.23"]
[Round "3.19"]
[White "Grover, Sahaj"]
[Black "Vergert ten, Paul"]
[Result "1-0"]
[WhiteElo "2372"]
[BlackElo "2071"]
[PlyCount "45"]
[EventDate "2009.12.21"]
[EventType "swiss"]
[EventRounds "9"]
[EventCountry "NED"]
[Source "lmi"]
[SourceDate "2009.12.21"]

1. e4 c5 2. Nf3 Nc6 3. Nc3 Nf6 4. Bb5 g6 5. e5 Ng4 6. Bxc6 dxc6 7. h3 Nh6 8. g4
f5 9. exf6 exf6 10. d3 Bg7 11. Be3 O-O 12. Qd2 Nf7 13. Bxc5 Re8+ 14. Be3 f5 15.
gxf5 Bxf5 16. O-O-O Be6 17. Kb1 Bxc3 18. Qxc3 Bd5 19. Nh2 Bxh1 20. Ng4 Re6 21.
Bh6 Ne5 22. Rxh1 Qd5 23. Re1 1-0

[Event "Groningen 2009 - Open A"]
[Site "Groningen NED"]
[Date "2009.12.23"]
[Round "3.20"]
[White "Pruijssers, Roeland"]
[Black "Pijpers, Arthur"]
[Result "1-0"]
[WhiteElo "2413"]
[BlackElo "2201"]
[PlyCount "65"]
[EventDate "2009.12.21"]
[EventType "swiss"]
[EventRounds "9"]
[EventCountry "NED"]
[Source "lmi"]
[SourceDate "2009.12.21"]

1. e4 c5 2. Nf3 d6 3. d4 cxd4 4. Nxd4 Nf6 5. Nc3 g6 6. Be3 Bg7 7. f3 Nc6 8. Qd2
O-O 9. Bc4 Bd7 10. O-O-O Rc8 11. Bb3 Ne5 12. h4 h5 13. Bg5 Rc5 14. Kb1 Re8 15.
g4 hxg4 16. f4 Nc4 17. Qe2 Qc8 18. f5 gxf5 19. exf5 Ne5 20. Bxf6 Bxf6 21. Ne4
Bxf5 22. Nxf5 Qxf5 23. Rhf1 Qg6 24. Rxd6 Rc6 25. Rd5 Rf8 26. Ng5 Bxg5 27. Rxe5
Bf6 28. Re4 Kh8 29. Rxg4 Qh6 30. Rfg1 e6 31. Qg2 Qh7 32. Qf3 Be5 33. Rg5 1-0

[Event "Groningen 2009 - Open A"]
[Site "Groningen NED"]
[Date "2009.12.23"]
[Round "3.21"]
[White "Warmelink, Evie"]
[Black "Poetsch, Hagen"]
[Result "0-1"]
[WhiteElo "1970"]
[BlackElo "2361"]
[PlyCount "92"]
[EventDate "2009.12.21"]
[EventType "swiss"]
[EventRounds "9"]
[EventCountry "NED"]
[Source "lmi"]
[SourceDate "2009.12.21"]

1. e4 e6 2. d4 d5 3. exd5 exd5 4. Nf3 Bg4 5. Bd3 Nc6 6. c3 Bd6 7. O-O Nge7 8.
Re1 Qd7 9. Nbd2 O-O 10. Qc2 Bf5 11. Ne5 Bxe5 12. dxe5 Bxd3 13. Qxd3 Ng6 14. Nf3
Rfe8 15. Bg5 Ncxe5 16. Nxe5 Nxe5 17. Qg3 Ng6 18. h4 f6 19. h5 fxg5 20. hxg6 h6
21. Rad1 c6 22. Qd3 Qg4 23. b3 b5 24. Rc1 Qf4 25. Rcd1 Rf8 26. Re2 Rf6 27. Rde1
Raf8 28. Rc2 Qd6 29. c4 dxc4 30. Qxd6 Rxd6 31. bxc4 Rxg6 32. cxb5 cxb5 33. Re7
a6 34. Rcc7 g4 35. g3 Kh7 36. Kf1 Rf3 37. Re4 Ra3 38. Rc2 Rg5 39. Ke2 h5 40.
Re7 Rf5 41. Ke1 b4 42. Rb7 Rc3 43. Re2 a5 44. Ree7 Rg5 45. Re2 Rd5 46. Kf1 Rd1+
0-1

[Event "Groningen 2009 - Open A"]
[Site "Groningen NED"]
[Date "2009.12.23"]
[Round "3.22"]
[White "Cako, Laszlo"]
[Black "Berkovich, Mark A"]
[Result "0-1"]
[WhiteElo "2155"]
[BlackElo "2406"]
[PlyCount "110"]
[EventDate "2009.12.21"]
[EventType "swiss"]
[EventRounds "9"]
[EventCountry "NED"]
[Source "lmi"]
[SourceDate "2009.12.21"]

1. e4 c5 2. Nf3 Nc6 3. d4 cxd4 4. Nxd4 g6 5. Nc3 Bg7 6. Be3 Nf6 7. Be2 O-O 8.
O-O d5 9. Nxc6 bxc6 10. e5 Nd7 11. f4 e6 12. Na4 Qe7 13. c4 f6 14. exf6 Qxf6
15. Rc1 d4 16. Bd2 c5 17. Bf3 Rb8 18. b3 Qe7 19. Qe2 Qd6 20. Nb2 Bb7 21. Nd3
Bxf3 22. Qxf3 Rbe8 23. Rce1 Qa6 24. Re2 Qxa2 25. Nxc5 Nxc5 26. Bb4 Qxb3 27.
Bxc5 Qxf3 28. Rxf3 Rf7 29. Bd6 Bf8 30. Be5 Rd7 31. Rd3 Rc8 32. Rc2 a5 33. Kf2
a4 34. Kf3 Bc5 35. Ke4 a3 36. Ra2 Rcd8 37. g4 Kf7 38. h4 Rb7 39. h5 Rb2 40.
hxg6+ hxg6 41. Rd2 Rxa2 42. Rxa2 d3 43. Rd2 a2 44. Rxd3 Rxd3 45. Kxd3 Bd6 46.
Bc3 Bxf4 47. Kc2 e5 48. Kb2 Kf6 49. Kxa2 Kg5 50. c5 e4 51. Kb3 Kxg4 52. Kc4 Kf3
53. Ba5 e3 54. c6 e2 55. Kd5 g5 0-1

[Event "Groningen 2009 - Open A"]
[Site "Groningen NED"]
[Date "2009.12.23"]
[Round "3.23"]
[White "Potze, Rudolf"]
[Black "Racherbaeumer, Marcel"]
[Result "0-1"]
[WhiteElo "2132"]
[BlackElo "2301"]
[PlyCount "106"]
[EventDate "2009.12.21"]
[EventType "swiss"]
[EventRounds "9"]
[EventCountry "NED"]
[Source "lmi"]
[SourceDate "2009.12.21"]

1. e4 c5 2. c3 d5 3. exd5 Nf6 4. d4 cxd4 5. Nf3 Nxd5 6. Nxd4 a6 7. Bc4 e6 8.
O-O Be7 9. Re1 O-O 10. Nd2 b5 11. Bd3 Bb7 12. Ne4 Nd7 13. Qh5 N5f6 14. Nxf6+
Nxf6 15. Qh3 Qd5 16. Bf4 Qh5 17. Qg3 Qg4 18. a4 Qxg3 19. Bxg3 b4 20. a5 Rfd8
21. Bf1 Rac8 22. Ne2 Ne4 23. Be5 Nd2 24. cxb4 Nxf1 25. Kxf1 Bxb4 26. Bc3 Bc5
27. Red1 f6 28. Bd4 Be7 29. Bb6 Rxd1+ 30. Rxd1 Bd5 31. Nc3 Bc6 32. f3 Kf7 33.
Ke2 g5 34. Ke3 f5 35. g3 h5 36. h3 Rg8 37. Rd4 e5 38. Rc4 Rc8 39. Nd5 Bf8 40.
b3 Bb7 41. Nc7 Bd6 42. g4 hxg4 43. hxg4 f4+ 44. Kf2 Rh8 45. Kg2 Ke7 46. b4 Kd7
47. Rc1 e4 48. Nxa6 exf3+ 49. Kg1 f2+ 50. Kxf2 Rh2+ 51. Kf1 Rh1+ 52. Bg1 Bxa6+
53. Kf2 Bxb4 0-1

[Event "Groningen 2009 - Open A"]
[Site "Groningen NED"]
[Date "2009.12.23"]
[Round "3.24"]
[White "Piasetski, Leon"]
[Black "Bijlsma, Nick"]
[Result "0-1"]
[WhiteElo "2269"]
[BlackElo "2075"]
[PlyCount "92"]
[EventDate "2009.12.21"]
[EventType "swiss"]
[EventRounds "9"]
[EventCountry "NED"]
[Source "lmi"]
[SourceDate "2009.12.21"]

1. Nf3 Nf6 2. c4 g6 3. Nc3 d5 4. cxd5 Nxd5 5. Qa4+ c6 6. Qd4 Nf6 7. Qxd8+ Kxd8
8. d4 Bf5 9. Ng5 Ke8 10. e4 Bc8 11. Bc4 e6 12. e5 Nd5 13. Nge4 Nd7 14. Bg5 h6
15. Bh4 b6 16. O-O g5 17. Bg3 Be7 18. Rac1 Bb7 19. Rfe1 Kf8 20. Bb3 Kg7 21.
Nxd5 exd5 22. Nc3 Nf8 23. Nxd5 cxd5 24. Rc7 Bb4 25. Rec1 Rb8 26. e6 Nxe6 27.
Be5+ Kg8 28. Rd7 Nf8 29. Bxb8 Nxd7 30. Rc7 Nxb8 31. Rxb7 Kg7 32. Bxd5 Rd8 33.
Rxf7+ Kg6 34. Bb3 Nc6 35. Rc7 Nxd4 36. Bf7+ Kf6 37. Bh5 Ne6 38. Rf7+ Ke5 39. g3
a5 40. Kg2 Rf8 41. Rxf8 Bxf8 42. Kh3 Nc5 43. Bg6 Na4 44. b3 Nc3 45. a4 Ne4 46.
f3 Nd2 0-1

[Event "Groningen 2009 - Open A"]
[Site "Groningen NED"]
[Date "2009.12.23"]
[Round "3.25"]
[White "Hertog ten, Hugo"]
[Black "Haast, Anne"]
[Result "1-0"]
[WhiteElo "2159"]
[BlackElo "2251"]
[PlyCount "123"]
[EventDate "2009.12.21"]
[EventType "swiss"]
[EventRounds "9"]
[EventCountry "NED"]
[Source "lmi"]
[SourceDate "2009.12.21"]

1. e4 e5 2. Nf3 Nc6 3. d4 exd4 4. Nxd4 Nf6 5. Nxc6 bxc6 6. e5 Qe7 7. Qe2 Nd5 8.
c4 Ba6 9. b3 g6 10. f4 Bg7 11. Qf2 Nb6 12. Ba3 Qe6 13. Nc3 f6 14. Bd3 fxe5 15.
O-O O-O-O 16. f5 gxf5 17. Bxf5 Qe8 18. Ne4 Kb8 19. Rae1 d6 20. Qg3 Qe7 21. Rf2
Nd7 22. Qc3 Bb7 23. Qa5 a6 24. b4 Rdf8 25. Bc1 h6 26. Be3 Nb6 27. Rc1 Rxf5 28.
Rxf5 Qe6 29. Bxb6 cxb6 30. Qxb6 Qxf5 31. Qxb7+ Kxb7 32. Nxd6+ Kc7 33. Nxf5 Bf6
34. Kf2 Rd8 35. Ke2 Bg5 36. Rd1 Rf8 37. Ng7 Rb8 38. Ne6+ Kc8 39. a3 a5 40. Rb1
axb4 41. axb4 Be7 42. b5 cxb5 43. Rxb5 Rxb5 44. cxb5 Kb7 45. Kd3 Kb6 46. Ke4
Kxb5 47. Kxe5 Kc4 48. Ke4 Kc3 49. g4 Kd2 50. Nd4 Ke1 51. Nf5 Bf8 52. Kf3 Kd2
53. Ke4 Ke2 54. h4 Kf2 55. Kf4 Kg2 56. Nxh6 Bxh6+ 57. g5 Bf8 58. Kg4 Kf2 59. h5
Kg2 60. h6 Kf2 61. Kh5 Kf3 62. g6 1-0

[Event "Groningen 2009 - Open A"]
[Site "Groningen NED"]
[Date "2009.12.23"]
[Round "3.26"]
[White "Slagter, David"]
[Black "Heemskerk, Wim"]
[Result "0-1"]
[WhiteElo "2108"]
[BlackElo "2236"]
[PlyCount "68"]
[EventDate "2009.12.21"]
[EventType "swiss"]
[EventRounds "9"]
[EventCountry "NED"]
[Source "lmi"]
[SourceDate "2009.12.21"]

1. e4 e6 2. d4 d5 3. Nc3 Bb4 4. e5 b6 5. Qg4 Bf8 6. Nf3 Qd7 7. a4 Nc6 8. Bd2
Nge7 9. Nd1 Nf5 10. Ne3 h5 11. Qf4 g5 12. Qxg5 Nfxd4 13. Nxd4 Nxd4 14. Qf6 Rg8
15. Qh4 Nc6 16. Qxh5 Bb7 17. Ng4 Be7 18. Nh6 Rg7 19. Bd3 O-O-O 20. O-O Rh8 21.
a5 Nxa5 22. Qe2 Nc6 23. Ba6 Nb8 24. Bxb7+ Kxb7 25. b4 a6 26. Ra3 Rgh7 27. Ng4
Qb5 28. Qf3 Qc4 29. Rc1 Nc6 30. h3 Nd4 31. Qe3 Ne2+ 32. Kh2 Nxc1 33. Bxc1 Qxg4
34. Rb3 Qe4 0-1

[Event "Groningen 2009 - Open A"]
[Site "Groningen NED"]
[Date "2009.12.23"]
[Round "3.27"]
[White "Sparenberg, Erik"]
[Black "Thompson, Ian D"]
[Result "1-0"]
[WhiteElo "2072"]
[BlackElo "2266"]
[PlyCount "71"]
[EventDate "2009.12.21"]
[EventType "swiss"]
[EventRounds "9"]
[EventCountry "NED"]
[Source "lmi"]
[SourceDate "2009.12.21"]

1. e4 e6 2. d4 d5 3. exd5 exd5 4. c4 Bb4+ 5. Nc3 Ne7 6. Bd3 Nbc6 7. Nge2 Bg4 8.
a3 Bxc3+ 9. bxc3 dxc4 10. Bxc4 O-O 11. O-O Nd5 12. Qc2 Qd7 13. Ng3 Be6 14. Bd3
f5 15. Ne2 Nb6 16. Rb1 Na5 17. Rb5 Nac4 18. Rc5 g6 19. Rd1 Bf7 20. Bf4 Nd6 21.
Ng3 Nd5 22. Bh6 Rfe8 23. c4 Nf6 24. f3 b6 25. Re5 Qc6 26. c5 Nb7 27. Bc4 Nd7
28. Bxf7+ Kxf7 29. Qc4+ Kf6 30. Nxf5 Rxe5 31. Bg7+ Kxf5 32. g4+ Kg5 33. Qc1+
Kh4 34. Qf4 Qe6 35. Qg3+ Kg5 36. f4# 1-0

[Event "Groningen 2009 - Open A"]
[Site "Groningen NED"]
[Date "2009.12.23"]
[Round "3.28"]
[White "Holm, Sejer"]
[Black "Efroimski, Marsel"]
[Result "0-1"]
[WhiteElo "2256"]
[BlackElo "2150"]
[PlyCount "136"]
[EventDate "2009.12.21"]
[EventType "swiss"]
[EventRounds "9"]
[EventCountry "NED"]
[Source "lmi"]
[SourceDate "2009.12.21"]

1. Nf3 g6 2. e4 Bg7 3. d4 Nf6 4. e5 Nd5 5. c4 Nb6 6. Nc3 d6 7. exd6 cxd6 8. h3
Nc6 9. Be3 Bf5 10. Rc1 Rc8 11. Be2 d5 12. c5 Nc4 13. Bxc4 dxc4 14. d5 Na5 15.
Nd4 Bd7 16. O-O O-O 17. b4 cxb3 18. axb3 e6 19. d6 Nc6 20. Qd2 Qh4 21. f4 e5
22. Nf3 Qh5 23. Ne4 exf4 24. Bxf4 Qf5 25. Ng3 Qf6 26. Bg5 Qb2 27. Qd1 Nd4 28.
Be7 Rfe8 29. Rb1 Qc3 30. b4 Nc2 31. Rf2 Nxb4 32. Ne4 Qc4 33. Qd2 Qxe4 34. Rxb4
Qc6 35. Qf4 Qd5 36. Bf6 Rxc5 37. Bxg7 Kxg7 38. Rxb7 Qxb7 39. Qd4+ Kg8 40. Qxc5
Qb6 41. Qxb6 axb6 42. Rc2 Re6 43. Rd2 Kg7 44. Rd4 f6 45. Nd2 Kf7 46. Nc4 b5 47.
Na5 Re5 48. Kf2 Ke6 49. Nb7 Bc8 50. Nd8+ Kd7 51. Nf7 Re8 52. Nh6 Re6 53. Nf7
Re8 54. Nh6 Kc6 55. Rf4 f5 56. Rd4 Be6 57. g4 Rd8 58. gxf5 gxf5 59. Rf4 Rxd6
60. Nxf5 Bxf5 61. Rxf5 b4 62. Ke2 Rd5 63. Rf7 b3 64. Rf1 Kc5 65. Ke3 Kb4 66.
Rf4+ Ka3 67. Rf7 b2 68. Rb7 Ra5 0-1

[Event "Groningen 2009 - Open A"]
[Site "Groningen NED"]
[Date "2009.12.23"]
[Round "3.29"]
[White "Jellema, Yme Jan"]
[Black "Groenewold, Jan Joris"]
[Result "1-0"]
[WhiteElo "2193"]
[BlackElo "2145"]
[PlyCount "112"]
[EventDate "2009.12.21"]
[EventType "swiss"]
[EventRounds "9"]
[EventCountry "NED"]
[Source "lmi"]
[SourceDate "2009.12.21"]

1. e4 g6 2. d4 Bg7 3. Nc3 d6 4. f4 Bd7 5. Nf3 Qc8 6. Be3 Nc6 7. d5 Nd8 8. Bd4
f6 9. Bb5 c6 10. Ba4 c5 11. Bxd7+ Qxd7 12. Be3 Nh6 13. h3 f5 14. e5 b5 15. a3
O-O 16. O-O a6 17. Qd2 Nb7 18. b3 Rfc8 19. Ne2 Qc7 20. Ng5 Nd8 21. Rfe1 Nhf7
22. Nxf7 Nxf7 23. e6 Nh6 24. c3 Kh8 25. Kh1 Qb7 26. Rg1 Ng8 27. g4 fxg4 28.
hxg4 Nf6 29. Rad1 b4 30. axb4 cxb4 31. c4 a5 32. f5 a4 33. fxg6 axb3 34. Bh6
Rxc4 35. Qg5 Rg8 36. Nf4 Bxh6 37. Qxh6 Rg7 38. Rg2 b2 39. Rxb2 Nxg4 40. Qg5 Ne3
41. Rd3 Qa8 42. Rf2 Qa1+ 43. Kh2 Qe1 44. Ra2 Rc2+ 45. Rxc2 Nxc2 46. Qf5 Qe5 47.
Qxe5 dxe5 48. d6 exd6 49. Rxd6 hxg6 50. e7 Rxe7 51. Nxg6+ Kg7 52. Nxe7 b3 53.
Nf5+ Kf7 54. Rb6 Nd4 55. Nxd4 exd4 56. Kg3 Kg8 1-0

[Event "Groningen 2009 - Open A"]
[Site "Groningen NED"]
[Date "2009.12.23"]
[Round "3.30"]
[White "Mostertman, Milan"]
[Black "Hirth, Ulrich"]
[Result "1-0"]
[WhiteElo "2169"]
[BlackElo "2108"]
[PlyCount "95"]
[EventDate "2009.12.21"]
[EventType "swiss"]
[EventRounds "9"]
[EventCountry "NED"]
[Source "lmi"]
[SourceDate "2009.12.21"]

1. e4 g6 2. d4 Bg7 3. Nc3 c6 4. f4 d5 5. e5 h5 6. Nf3 Bg4 7. Bd3 Nh6 8. h3 Bxf3
9. Qxf3 e6 10. Be3 Nf5 11. O-O-O h4 12. Bf2 Nd7 13. Rhe1 b5 14. Bxf5 gxf5 15.
g4 hxg3 16. Qxg3 Bf8 17. h4 Qa5 18. Kb1 Nb6 19. Rd3 Nc4 20. Rh1 Qb4 21. Nd1
Nd2+ 22. Rxd2 Qxd2 23. Nc3 Rg8 24. Qxg8 Qxf2 25. Qh8 Qxf4 26. Rg1 Qe3 27. Rh1
Qh6 28. Qg8 Qg7 29. Rg1 Qxg8 30. Rxg8 f6 31. Rg6 Kf7 32. Rxf6+ Ke7 33. Ne2 Bg7
34. Rg6 Kf7 35. Nf4 Rh8 36. h5 Rh6 37. Kc1 c5 38. dxc5 Bxe5 39. Nd3 Bf6 40.
Rxh6 Bg5+ 41. Kd1 Bxh6 42. Ne5+ Ke7 43. c6 Kd6 44. Nf7+ Kxc6 45. Nxh6 Kd6 46.
Nxf5+ Ke5 47. Nd4 Kf6 48. Nxb5 1-0

[Event "Groningen 2009 - Open A"]
[Site "Groningen NED"]
[Date "2009.12.24"]
[Round "4.1"]
[White "Reinderman, Dimitri"]
[Black "Werle, Jan"]
[Result "1-0"]
[WhiteElo "2575"]
[BlackElo "2565"]
[PlyCount "91"]
[EventDate "2009.12.21"]
[EventType "swiss"]
[EventRounds "9"]
[EventCountry "NED"]
[Source "lmi"]
[SourceDate "2009.12.21"]

1. c4 Nf6 2. Nc3 e6 3. e4 c5 4. e5 Ng8 5. Nf3 Nc6 6. d4 cxd4 7. Nxd4 Nxe5 8.
Ndb5 f6 9. Be3 a6 10. Nd6+ Bxd6 11. Qxd6 Ne7 12. Bb6 Nf5 13. Qc5 d6 14. Qa5 Qd7
15. f4 Nc6 16. Qa3 Nce7 17. O-O-O Qc6 18. Qb3 O-O 19. Rg1 d5 20. g4 Nd6 21. c5
Nf7 22. Bg2 a5 23. a3 Bd7 24. Kb1 a4 25. Qc2 Qc8 26. Qe2 Bc6 27. f5 Ne5 28.
fxe6 Qxe6 29. Ka1 Kh8 30. g5 d4 31. Rxd4 Nf5 32. Rb4 Rae8 33. Bxc6 Qxc6 34. Re4
Rf7 35. Rf1 Qe6 36. gxf6 gxf6 37. Nb5 Rg8 38. Bc7 Re8 39. Ba5 Ree7 40. Bc3 Nh6
41. Qh5 Ng8 42. Rfe1 Rg7 43. Nd6 Qd5 44. Nf5 Nd3 45. Nxg7 Qxh5 46. Nxh5 1-0

[Event "Groningen 2009 - Open A"]
[Site "Groningen NED"]
[Date "2009.12.24"]
[Round "4.2"]
[White "Chadaev, Nikolai"]
[Black "Saravanan, Venkatachalam"]
[Result "1-0"]
[WhiteElo "2567"]
[BlackElo "2356"]
[PlyCount "81"]
[EventDate "2009.12.21"]
[EventType "swiss"]
[EventRounds "9"]
[EventCountry "NED"]
[Source "lmi"]
[SourceDate "2009.12.21"]

1. e4 c5 2. c3 Nf6 3. e5 Nd5 4. g3 Nc6 5. Bg2 e6 6. Nf3 d6 7. exd6 Bxd6 8. O-O
O-O 9. d4 Bd7 10. dxc5 Bxc5 11. Nbd2 Qc7 12. Ne4 Be7 13. c4 Nf6 14. Nc3 Rad8
15. Qe2 Rfe8 16. Bf4 Qa5 17. Rfd1 Bf8 18. Ne5 Nxe5 19. Bxe5 Bc6 20. Bxc6 bxc6
21. Kg2 Be7 22. Bf4 Bc5 23. Be3 Bb4 24. Rdc1 Bc5 25. Rd1 Bb4 26. Rdc1 Bc5 27.
Bxc5 Qxc5 28. Rd1 h5 29. b3 h4 30. Qf3 hxg3 31. hxg3 Qe5 32. Re1 Qa5 33. Ne4
Nxe4 34. Rxe4 Rd2 35. Rh1 Qc5 36. Reh4 Kf8 37. Qf4 Red8 38. Rh8+ Ke7 39. R1h5
Qd4 40. Qg5+ Qf6 41. Qc5+ 1-0